History Quiz

Random History or War Quiz
Score 0/21 Timer 10:00
0 Plays Today
Enemy War % Correct
JapaneseWorld War II
75.2%
BritishWar of 1812
70.3%
AmericansCivil War
70.2%
TerroristsWar on Terror
67.8%
MexicansMexican-American War
67.2%
French and Allied IndiansFrench and Indian War
63.7%
BritishRevolutionary War
57.7%
Native AmericansIndian Wars
32.2%
Seminole IndiansSeminole Wars
31.1%
John BrownRaid on Harper's Ferry
25.4%
AmericansWhiskey Rebellion
23.1%
Enemy War % Correct
People in MassachusettsShays' Rebellion
21.8%
PequotsPequot War
17.2%
Escaped SlavesNat Turner's Slave Rebellion
17.1%
FrenchQuasi-War
14.5%
WampanoagsKing Philip's War
12%
MormonsUtah War
11.7%
Spanish, French, Allied IndiansQueen Anne's War
10.9%
VirginiansBacon's Rebellion
10.3%
British LumberjacksAroostook War
4.8%
New YorkersLeisler's Rebellion
1.8%
Remove Ads.
Support Sporcle.
Get the best of Sporcle when you Go Orange. This ad-free experience offers more features, more stats, and more fun while also helping to support Sporcle. Thank you for becoming a member.

You're not logged in!

Compare scores with friends on all Sporcle quizzes.
OR
Log In

Show Comments

Extras

Created Oct 4, 2009ReportNominate
Tags:War Quiz, America, Enemy, fought, least, soil

Top Quizzes Today


Score Distribution

Your Account Isn't Verified!

In order to create a playlist on Sporcle, you need to verify the email address you used during registration. Go to your Sporcle Settings to finish the process.

Report this User

Report this user for behavior that violates our Community Guidelines.

Details: